000 00526nam a2200169 i 4500
001 104148
003 ES-MaACL
005 20230906183527.0
007 t|
008 051124s1926 it |||| | ita d
100 1 _aMichels, Roberto.
_980931
245 1 0 _aStoria critica del movimento socialista italiano : dagli inizi fino al 1911 /
_cRobert Michels.
260 _aFirenze :
_b"La Voce",
_c1926 (
_fMealli e Stianti)
300 _a462 p. ;
_c21 cm.
650 4 _aSocialismo-
_zItalia.
_9167028
852 _aES-MaACL
_jA-1572
999 _c104148
_d104148